Po stopách českých filmů a pohádek : kam na výlet? /
Průvodce po turisticky zajímavých místech, kde se natáčely oblíbené české filmy a filmové pohádky.
Uloženo v:
| Hlavní autor: | |
|---|---|
| Médium: | E-kniha |
| Jazyk: | Czech |
| Vydáno: |
V Praze :
Fragment,
2024
|
| Vydání: | 3. vydání |
| Témata: | |
| Tagy: |
Žádné tagy |
| LEADER | 02757nam a2200565 i 4500 | ||
|---|---|---|---|
| 001 | 312372 | ||
| 003 | CZ PrSKC | ||
| 005 | 20260601215721.0 | ||
| 007 | ta | ||
| 008 | 240510s2024 xr abc e f 000 0 cze | ||
| 015 | |a cnb003605494 | ||
| 020 | |a 9788025367612 |q (brožováno) : |c Kč 349,00 | ||
| 035 | |a (OCoLC)1438773263 | ||
| 040 | |a BOA001 |b cze |e rda | ||
| 043 | |a e-xr--- | ||
| 045 | |a x-y- | ||
| 072 | 7 | |a 791 |x Film. Cirkus. Lidová zábava |2 Konspekt | |
| 080 | |a 791.2 |2 MRF | ||
| 080 | |a 791.225:82-34 |2 MRF | ||
| 080 | |a 791.237.6 |2 MRF | ||
| 080 | |a 913:338.483.1 |2 MRF | ||
| 080 | |a (437.3) |2 MRF | ||
| 080 | |a (036) |2 MRF | ||
| 100 | 1 | |a Laudin, Radek, |d 1969- |7 xx0078001 |4 aut | |
| 245 | 1 | 0 | |a Po stopách českých filmů a pohádek : |b kam na výlet? / |c Radek Laudin |
| 250 | |a 3. vydání | ||
| 264 | 1 | |a V Praze : |b Fragment, |c 2024 | |
| 300 | |a 167 stran : |b ilustrace (převážně barevné), mapy, portréty ; |c 21 cm | ||
| 336 | |a text |b txt |2 rdacontent | ||
| 336 | |a statický obraz |b sti |2 rdacontent | ||
| 337 | |a bez média |b n |2 rdamedia | ||
| 338 | |a svazek |b nc |2 rdacarrier | ||
| 520 | 2 | |a Průvodce po turisticky zajímavých místech, kde se natáčely oblíbené české filmy a filmové pohádky. |b Přehledně zpracovaná publikace vás provede po hradech, zámcích, chalupách a dalších malebných zákoutích České repubiky, které znáte z filmů a pohádek. Každému filmu a místům, kde se natáčel, je věnován vlastní oddíl knihy se základními informacemi o filmu, fotografiemi současné podoby míst, umístěním na mapě a zajímavými souvislostmi natáčení a výběru daných lokací. | |
| 648 | 7 | |a 20.-21. století |7 ch462155 |2 czenas | |
| 650 | 0 | 7 | |a filmy |7 ph120215 |z Česko |y 20.-21. století |2 czenas |
| 650 | 0 | 7 | |a filmové pohádky |7 ph120199 |z Česko |y 20.-21. století |2 czenas |
| 650 | 0 | 7 | |a filmová místa |7 ph463344 |z Česko |2 czenas |
| 650 | 0 | 7 | |a turistické zajímavosti |7 ph126800 |z Česko |2 czenas |
| 650 | 0 | 9 | |a films |z Czechia |y 20th-21st centuries |2 eczenas |
| 650 | 0 | 9 | |a fairy tales (film adaptations) |z Czechia |y 20th-21st centuries |2 eczenas |
| 650 | 0 | 9 | |a filming locations |z Czechia |2 eczenas |
| 650 | 0 | 9 | |a tourist sights |z Czechia |2 eczenas |
| 655 | 7 | |a průvodce |7 fd133154 |2 czenas | |
| 655 | 9 | |a guidebooks |2 eczenas | |
| 900 | |a ABA001 |b 19 | ||
| 928 | 9 | |a Albatros Media - Fragment | |
| 044 | |a xr | ||
| 910 | |a RBIT002 | ||
| 998 | |d 404151 |a https://core.palmknihy.cz/api/books/404151/cover?seu60s |b https://core.palmknihy.cz/api/books/404151/cover/400?seu60s |c https://core.palmknihy.cz/api/books/404151/cover/50?seu60s |e 2036-12-31 |g 168 |i 9788025367612 |k https://core.palmknihy.cz/api/books/404151/preview.pdf |l |q 49 |r 1 |s https://www.palmknihy.cz/kniha/404151 |t ebook |y 2024 |z 0 | ||
| 999 | |d 312370 | ||